000 00833nam a22002537a 4500
001 BR8204520
003 BR-BrBNA
005 20230928091422.0
007 ta
008 230509b bl.||||| |||| 00| 0 por d
040 _aBR-BrBNA
_bpor
_cBiblioteca Nacional de Agricultura
041 _a(Por)
072 _aB10; F00
_b0210
_b3575
_b/G854
_b/G900
_b/G906
090 _ 0210 BR8204520
110 1 _aSecretaria Nacional de Producao Agropecuaria, Brasilia, DF (Brasil). Secretaria de Producao Vegetal. Coordenadoria de Sementes e Mudas
_99240
245 1 _aRelatorio de viagem ao exterior [batata semente, Alemanha, Suecia, Franca]
260 3 _aBrasilia, DF (Brasil):
_c1982.
300 _a25 p.
650 _aGEOGRAFIA
650 _aBATATA SEMENTE
650 _aVARIEDADE
909 _a202309
_bLucia
_c55
_dLucia Elande
942 _cBK
999 _c33779
_d33779